Rodin & Balzac : Rodin's sculptural studies for the monument to Balzac from the Cantor, Fitzgerald Collection : an exhibition /

Bibliographic Details
Main Author: Elsen, Albert E., 1927-1995
Corporate Authors: Cantor, Fitzgerald and Company, Stanford University
Other Authors: McGough, Stephen C., Wander, Steven H., Rodin, Auguste, 1840-1917
Format: Book
Language:English
Published: Beverly Hills, Calif. : Cantor, Fitzgerald, [1973]
Subjects:

MARC

Tag First Indicator Second Indicator Subfields
LEADER 00000cam a2200000 a 4500
001 in00000015827
005 20151007052617.0
008 750130s1973 caua b 00010 eng d
035 |a (OCoLC)01156517 
035 |9 AAA8507AM 
040 |a RRR  |c RRR  |d OCL  |d m.c.  |d PIT  |d TXA  |d UtOrBLW 
049 |a TXAM  |c 1 [A12587196], 2 [A12587146] 
050 4 |a NB553.R7  |b E43 1973 
100 1 |a Elsen, Albert E.,  |d 1927-1995. 
245 1 0 |a Rodin & Balzac :  |b Rodin's sculptural studies for the monument to Balzac from the Cantor, Fitzgerald Collection : an exhibition /  |c prepared at Stanford University, Spring 1973 by Albert Elsen, Stephen C. McGough, and Steven H. Wander. 
264 1 |a Beverly Hills, Calif. :  |b Cantor, Fitzgerald,  |c [1973] 
300 |a 72 pages :  |b illustrations ;  |c 28 cm. 
336 |a text  |b txt  |2 rdacontent 
337 |a unmediated  |b n  |2 rdamedia 
338 |a volume  |b nc  |2 rdacarrier 
504 |a Bibliography: pages 70-71. 
600 1 0 |a Rodin, Auguste,  |d 1840-1917. 
600 1 0 |a Balzac, Honoré de,  |d 1799-1850  |x Portraits. 
700 1 |a McGough, Stephen C. 
700 1 |a Wander, Steven H. 
700 1 |a Rodin, Auguste,  |d 1840-1917. 
710 2 |a Cantor, Fitzgerald and Company. 
710 2 |a Stanford University. 
999 |a MARS 
999 f f |s 9306def9-1b25-3c78-a3f0-ca97352abf62  |i af2cbebb-81da-3702-a839-547af4396f02  |t 0 
952 f f |p normal  |a Texas A&M University  |b College Station  |c Sterling C. Evans Library  |d Evans: Library Stacks  |t 0  |e NB553.R7 E43 1973  |h Library of Congress classification  |i unmediated -- volume  |m A14812587146 
952 f f |p storage  |a Texas A&M University  |b J.J. Pickle Campus  |c High Density Repository  |d Remote Storage  |t 0  |e NB553.R7 E43 1973  |h Library of Congress classification  |i unmediated -- volume  |m A14812587196 
998 f f |a NB553.R7 E43 1973  |t 0  |l Evans: Library Stacks 
998 f f |a NB553.R7 E43 1973  |t 0  |l Remote Storage